| 000 | 01052nam a2200325 a 4500 | ||
|---|---|---|---|
| 001 | vtls000201771 | ||
| 003 | NLI | ||
| 005 | 20210602114936.0 | ||
| 008 | 101125s2000 enk 001 0 eng | ||
| 020 |
_a0521780209 : _cPND 60.00 |
||
| 039 | 9 |
_y201011252353 _zVLOAD |
|
| 040 | 0 |
_aNLI _beng _cDatasoft 1 _eAACR2 |
|
| 041 | 0 | _aeng | |
| 044 | _aenk | ||
| 082 | 0 | 4 | _a341.6 |
| 245 | 0 | 4 |
_aThe environmental consequences of war : _blegal, economic and scientific perspectives / _cedited by Jay E. Austin and Carl E. Bruch |
| 260 |
_aCambridge : _bThe University Press, _c2000 |
||
| 300 |
_axx, 691 p. ; _c24 cm. |
||
| 500 | _aIncludes index | ||
| 650 | 0 |
_aWar (International law) _9184704 |
|
| 650 | 0 |
_aEnvironmental law, International _9326496 |
|
| 700 | 1 |
_aAustin, Jay E., _4edt _9386051 |
|
| 700 | 1 |
_aBruch, Carl _q(Carl E.), _d1967-, _4edt _9386052 |
|
| 887 | _a | ||
| 901 |
_a539995 _b04.02.2002 |
||
| 902 | _aE 341.6 En 89 | ||
| 949 |
_AVIRTUAITEM _D10000 _X100 _6PUR000539995ENG |
||
| 942 |
_2ddc _cBKS |
||
| 991 | _eSanjoy 20.03.10 | ||
| 999 |
_aVIRTUA40 _c208917 _d208917 |
||